| 000 | 00635nam a22002057a 4500 | ||
|---|---|---|---|
| 999 |
_c1452 _d1452 |
||
| 003 | OSt | ||
| 005 | 20180510144321.0 | ||
| 008 | 170801b xxu||||| |||| 00| 0 esp d | ||
| 020 | _a978-9945-8835-8-9 | ||
| 040 |
_cRCAA _aDO-SdBJH _bspa |
||
| 082 | _aRD 320.109 B742 2013 | ||
| 100 |
_aBosch, Juan, _d1909-2001 _eautor |
||
| 245 |
_aEl estado, sus orígenes y desarrollo / _cJuan Bosch |
||
| 260 |
_aSanto Domingo : _bFundación Juan Bosch, _c2013 |
||
| 300 | _a325 páginas. | ||
| 490 | _aColección Bosch para todos | ||
| 650 | _aEstado -- República Dominicana | ||
| 650 | _aHistoria de la ciencia política | ||
| 942 |
_2ddc _cBK |
||